000 00593nam a2200193 a 4500
001 000043117
005 20201002040641.0
008 140219s1996 sp ac 001 0 spa d
020 _a8480680377
040 _aDO-SdBNP
_bspa
_cBNPHU
082 _axxx
_bxxx
100 1 _aCueto, Roberto
_970654
245 1 0 _aCien bandas sonoras en la historia del cine /
_cRoberto Cueto.
260 _aMadrid :
_bNuer Ediciones,
_c1996.
300 _a480 p. :
_bil. ;
_c20 cm.
490 1 _aNuer
_v1
500 _aIncluye referencias bibliográficas y notas al pie de las páginas
830 0 _aNuer ;
_n1
_970655
999 _c42606
_d42606